| LEADER 01174nam 2200277 a 4500 |
| 001 12334105277 |
| 003 ULIB |
| 008 030417s2551 th a sb 001 0 tha |
| 020 ^a9749993705
|
| 060 4 ^aQS4 ^bว724ก 2551
|
| 082 0 ^a
|
| 100 0 ^aวิไล ชินธเนศ
|
| 245 10 ^aกายวิภาคศาสตร์ของมนุษย์ /^cวิไล ชินธเนศ, ธันวา ตันสถิตย์, มนตกานต์ ตันสถิตย์
|
| 250 ^aพิมพ์ครั้งที่ 8
|
| 260 ^aกรุงเทพฯ :^bสามลดา,^c2551
|
| 300 ^a304 หน้า :^bภาพประกอบ
|
| 650 7 ^aกายวิภาคศาสตร์
|
| 700 0 ^aธันวา ตันสถิตย์
|
| 700 0 ^aมนตกานต์ ตันสถิตย์
|
| 913 ^aImported by ULIBM Administrator
|
| 949 ^aImport form external file by ULIBM system
|
| 999 ^aอรทัย, สุณิสา ตรวจสอบและแก้ไข 22 ส.ค.54
|